INDIAN FINANCIAL SYSTEM (Record no. 9057)
[ view plain ]
| 000 -LEADER | |
|---|---|
| fixed length control field | 01347nam a22001697a 4500 |
| 003 - CONTROL NUMBER IDENTIFIER | |
| control field | SGT |
| 020 ## - INTERNATIONAL STANDARD BOOK NUMBER | |
| International Standard Book Number | 9781259097980 |
| 082 ## - DEWEY DECIMAL CLASSIFICATION NUMBER | |
| Classification number | 332.10954,KHA |
| 100 ## - MAIN ENTRY--PERSONAL NAME | |
| Personal name | KHAN,MY |
| 245 ## - TITLE STATEMENT | |
| Title | INDIAN FINANCIAL SYSTEM |
| 250 ## - EDITION STATEMENT | |
| Edition statement | 8TH |
| 260 ## - PUBLICATION, DISTRIBUTION, ETC. (IMPRINT) | |
| Place of publication, distribution, etc | NEW DELHI |
| Name of publisher, distributor, etc | TMH |
| Year of Publication | 2013 |
| 300 ## - PAGE DESCRIPTION | |
| No. of Pages | V.P |
| 650 ## - SUBJECT ADDED ENTRY--TOPICAL TERM | |
| Topical term or geographic name as entry element | FINANCIAL ECONOMICS |
| 653 ## - KEYWORDS--INDEX TERM | |
| Keyword term | PART 1 : THE BACKGROUND 1. FINANCIAL SYSTEMS: FUNCTIONS AND STRUCTURE/ORGANISATION 2. INDIAN FINANCIAL SYSTEM—AN OVERVIEW PART 2 : FINANCIAL MARKETS 3. FUNCTIONS AND ORGANISATION 4. REGULATORY FRAMEWORK – PRIMARY MARKET 5. REGULATORY FRAMEWORK – SECONDARY MARKET 6. PRIMARY MARKET ORGANISATION: INTERMEDIARIES 7. PRIMARY MARKET ORGANISATION: ACTIVITIES/PROCEDURES 8. SECONDARY/STOCK MARKET ORGANISATION 9. MONEY MARKETS PART 3 : FINANCIAL INTERMEDIARIES 10. PRUDENTIAL AND EXPOSURE NORMS RELATING TO CREDIT/ADVANCE AND INVESTMENT PORTFOLIOS OF BANKS 11. MANAGEMENT OF NON-PERFORMING ASSETS 12. PRUDENTIAL NORMS RELATING TO CAPITAL ADEQUACY: BASEL II FRAMEWORK 13. RISK MANAGEMENT IN BANKS 14. NON-BANKING FINANCIAL COMPANIES 15. MUTUAL FUNDS: REGULATIONS AND OPERATIONS 16. INSURANCE ORGANISATION PART 4 CAPITAL MARKET INSTRUMENTS 17. CAPITAL MARKET INSTRUMENTS PART 5 PRIVATE FOREIGN INVESTMENT 18. FOREIGN DIRECT INVESTMENTS 19. OTHER FORMS OF FOREIGN INVESTMENT IN INDIA/ABROAD |
| 942 ## - ADDED ENTRY ELEMENTS (KOHA) | |
| Source of classification or shelving scheme | Dewey Decimal Classification |
| Koha item type | FCM Books |
| Withdrawn status | Lost status | Source of classification or shelving scheme | Damaged status | Not for loan | Collection code | Home library | Current library | Shelving location | Date acquired | Vendor Name | Cost, normal purchase price | SGTU | Bill Number | Total Checkouts | Full call number | Accession No. (Barcode) | Date last seen | Date last borrowed | Bill Date | Koha item type |
|---|---|---|---|---|---|---|---|---|---|---|---|---|---|---|---|---|---|---|---|---|
| Dewey Decimal Classification | COMMERCE MANAGEMENT | SGT Science & Social Sciences Library | SGT Science & Social Sciences Library | On Display | 15/06/2016 | UBSPD | 450.00 | SGTU | 362357 | 6 | 332.10954,KHA | CM367 | 07/12/2019 | 18/11/2019 | 21/10/2014 | FCM Books | ||||
| Dewey Decimal Classification | COMMERCE MANAGEMENT | SGT Science & Social Sciences Library | SGT Science & Social Sciences Library | On Display | 15/06/2016 | UBSPD | 450.00 | SGTU | 362357 | 4 | 332.10954,KHA | CM368 | 22/10/2019 | 24/09/2019 | 21/10/2014 | FCM Books |